Loading...
| Current Events | 1 | 10.00 | 0% | 100% | 0% |
| Fine Arts - Classical Music | 3 | 3.33 | 33% | 0% | 0% |
| Fine Arts - Other | 5 | 10.00 | 100% | 0% | 0% |
| Fine Arts - Painting and Sculpture | 4 | 10.00 | 75% | 25% | 0% |
| Geography | 2 | 15.00 | 100% | 50% | 0% |
| History - American | 8 | 8.75 | 75% | 13% | 0% |
| History - European | 4 | 17.50 | 100% | 75% | 0% |
| History - Other | 4 | 10.00 | 50% | 50% | 0% |
| History - World | 2 | 15.00 | 100% | 50% | 0% |
| Literature - American | 2 | 10.00 | 100% | 0% | 0% |
| Literature - British | 1 | 10.00 | 100% | 0% | 0% |
| Literature - European | 9 | 11.11 | 100% | 0% | 11% |
| Literature - World | 4 | 7.50 | 75% | 0% | 0% |
| Mythology | 4 | 12.50 | 100% | 25% | 0% |
| Other Academic | 2 | 10.00 | 100% | 0% | 0% |
| Philosophy | 2 | 15.00 | 100% | 50% | 0% |
| Pop Culture | 1 | 30.00 | 100% | 100% | 100% |
| Religion | 6 | 18.33 | 100% | 50% | 33% |
| Science - Biology | 4 | 7.50 | 75% | 0% | 0% |
| Science - Chemistry | 5 | 12.00 | 80% | 40% | 0% |
| Science - Other | 4 | 12.50 | 100% | 25% | 0% |
| Science - Physics | 6 | 15.00 | 83% | 67% | 0% |
| Social Science | 7 | 7.14 | 71% | 0% | 0% |